000 00592nam a2200229Ia 4500
003 OSt
005 20220918190550.0
006 a|||||r|||| 00| 0
007 ta
008 220917b |||||||| |||| 00| 0 eng d
024 _a57,749
037 _cTextual
040 _aARTS
_cARTS
_beng
041 _2eng
_aeng
082 _aQ1:g, 111J5 (EPS)
100 _aSinha Jadunath
245 0 _aFoundations of Hinduism
260 _aCalcutta
_bSinha Pub
_c1955
650 _aRELIGION
942 _hQ1:g, 111J5 (EPS)
_cTEXL
_2CC
999 _c185850
_d185850